[Event "ABC-4 2025 Groep A"]
[Site "Utrecht"]
[Date "2025.03.15"]
[Round "3.5"]
[White "Feng, Elysia"]
[Black "Moskalets, Sofia"]
[Result "0-1"]
[WhiteFideId "8607302"]
[BlackFideId "9002081"]
[WhiteElo "1918"]
[BlackElo "2150"]

1. e4 {[%clk 00:55:17]} {[%emt 00:00:01]} c5 {[%clk 00:55:16]} {[%emt
00:00:05]} 2. Nf3 {[%clk 00:55:22]} {[%emt 00:00:05]} Nc6 {[%clk 00:55:21]}
{[%emt 00:00:05]} 3. d4 {[%clk 00:55:25]} {[%emt 00:00:07]} cxd4 {[%clk
00:55:27]} {[%emt 00:00:05]} 4. Nxd4 {[%clk 00:55:29]} {[%emt 00:00:05]} Nf6
{[%clk 00:55:32]} {[%emt 00:00:05]} 5. Nc3 {[%clk 00:55:33]} {[%emt 00:00:06]}
e6 {[%clk 00:55:37]} {[%emt 00:00:05]} 6. Ndb5 {[%clk 00:54:16]} {[%emt
00:01:27]} Bb4 {[%clk 00:55:38]} {[%emt 00:00:09]} 7. a3 {[%clk 00:53:33]}
{[%emt 00:00:53]} Bxc3+ {[%clk 00:55:42]} {[%emt 00:00:07]} 8. Nxc3 {[%clk
00:53:36]} {[%emt 00:00:06]} d5 {[%clk 00:55:44]} {[%emt 00:00:08]} 9. exd5
{[%clk 00:53:16]} {[%emt 00:00:30]} exd5 {[%clk 00:55:49]} {[%emt 00:00:05]} 10.
Bg5 {[%clk 00:51:24]} {[%emt 00:02:02]} d4 {[%clk 00:53:40]} {[%emt 00:02:18]}
11. Qe2+ {[%clk 00:46:05]} {[%emt 00:05:30]} Be6 {[%clk 00:52:16]} {[%emt
00:01:34]} 12. Ne4 {[%clk 00:46:03]} {[%emt 00:00:12]} Qa5+ {[%clk 00:51:41]}
{[%emt 00:00:45]} 13. Bd2 {[%clk 00:43:34]} {[%emt 00:02:38]} Qe5 {[%clk
00:49:52]} {[%emt 00:01:59]} 14. Nxf6+ {[%clk 00:42:20]} {[%emt 00:01:24]} Qxf6
{[%clk 00:49:55]} {[%emt 00:00:07]} 15. Qh5 {[%clk 00:39:27]} {[%emt 00:03:02]}
Bf5 {[%clk 00:44:56]} {[%emt 00:05:10]} 16. O-O-O {[%clk 00:36:48]} {[%emt
00:02:49]} O-O {[%clk 00:43:28]} {[%emt 00:01:39]} 17. f4 {[%clk 00:32:10]}
{[%emt 00:04:48]} Qe6 {[%clk 00:35:12]} {[%emt 00:08:26]} 18. Re1 {[%clk
00:24:41]} {[%emt 00:07:39]} Qa2 {[%clk 00:34:17]} {[%emt 00:01:05]} 19. Bb4
{[%clk 00:23:34]} {[%emt 00:01:17]} g6 {[%clk 00:29:06]} {[%emt 00:05:22]} 20.
Qd1 {[%clk 00:21:49]} {[%emt 00:01:54]} Nxb4 {[%clk 00:28:42]} {[%emt
00:00:34]} 21. axb4 {[%clk 00:21:36]} {[%emt 00:00:22]} Qa1+ {[%clk 00:28:44]}
{[%emt 00:00:09]} 22. Kd2 {[%clk 00:21:37]} {[%emt 00:00:09]} Qxb2 {[%clk
00:28:46]} {[%emt 00:00:09]} 0-1

[Event "ABC-4 2025 Groep A"]
[Site "Utrecht"]
[Date "2025.03.15"]
[Round "3.6"]
[White "Waersegers, Brent"]
[Black "Smeenk, Merijn"]
[Result "0-1"]
[WhiteFideId "8613803"]
[BlackFideId "8707919"]
[WhiteElo "1847"]
[BlackElo "1993"]

1. e4 {[%clk 00:55:18]} {[%emt 00:00:01]} c5 {[%clk 00:55:09]} {[%emt
00:00:12]} 2. Nf3 {[%clk 00:55:22]} {[%emt 00:00:05]} Nc6 {[%clk 00:55:14]}
{[%emt 00:00:06]} 3. d4 {[%clk 00:55:17]} {[%emt 00:00:14]} cxd4 {[%clk
00:55:18]} {[%emt 00:00:07]} 4. Nxd4 {[%clk 00:55:24]} {[%emt 00:00:03]} e5
{[%clk 00:55:20]} {[%emt 00:00:08]} 5. Nxc6 {[%clk 00:55:21]} {[%emt 00:00:12]}
bxc6 {[%clk 00:55:22]} {[%emt 00:00:08]} 6. Bc4 {[%clk 00:54:18]} {[%emt
00:01:13]} Nf6 {[%clk 00:55:23]} {[%emt 00:00:09]} 7. Nc3 {[%clk 00:54:13]}
{[%emt 00:00:16]} Bb4 {[%clk 00:54:01]} {[%emt 00:01:30]} 8. Bd2 {[%clk
00:53:31]} {[%emt 00:00:53]} O-O {[%clk 00:50:33]} {[%emt 00:03:39]} 9. a3
{[%clk 00:53:14]} {[%emt 00:00:27]} Bxc3 {[%clk 00:49:45]} {[%emt 00:00:57]} 10.
Bxc3 {[%clk 00:52:43]} {[%emt 00:00:41]} Nxe4 {[%clk 00:48:30]} {[%emt
00:01:26]} 11. Bb4 {[%clk 00:47:31]} {[%emt 00:05:23]} Re8 {[%clk 00:45:03]}
{[%emt 00:03:35]} 12. Qf3 {[%clk 00:47:03]} {[%emt 00:00:39]} Ng5 {[%clk
00:44:15]} {[%emt 00:00:58]} 13. Qg3 {[%clk 00:46:35]} {[%emt 00:00:38]} d5
{[%clk 00:44:10]} {[%emt 00:00:14]} 14. O-O-O {[%clk 00:46:23]} {[%emt
00:00:22]} Ne4 {[%clk 00:43:35]} {[%emt 00:00:44]} 15. Qf3 {[%clk 00:45:29]}
{[%emt 00:01:05]} Qg5+ {[%clk 00:42:17]} {[%emt 00:01:29]} 16. Kb1 {[%clk
00:45:22]} {[%emt 00:00:16]} Bg4 {[%clk 00:42:13]} {[%emt 00:00:14]} 17. Qd3
{[%clk 00:41:01]} {[%emt 00:04:32]} Bxd1 {[%clk 00:41:36]} {[%emt 00:00:46]} 18.
Rxd1 {[%clk 00:40:52]} {[%emt 00:00:19]} Nxf2 {[%clk 00:41:23]} {[%emt
00:00:23]} 19. Qd2 {[%clk 00:40:36]} {[%emt 00:00:26]} Qxd2 {[%clk 00:40:53]}
{[%emt 00:00:41]} 20. Rxd2 {[%clk 00:40:33]} {[%emt 00:00:12]} a5 {[%clk
00:39:47]} {[%emt 00:01:17]} 21. Rxf2 {[%clk 00:39:35]} {[%emt 00:01:07]} axb4
{[%clk 00:39:50]} {[%emt 00:00:08]} 0-1

[Event "ABC-4 2025 Groep A"]
[Site "Utrecht"]
[Date "2025.03.15"]
[Round "3.7"]
[White "Lalkota, Sai Pranav Tejas"]
[Black "Gupta, Akul"]
[Result "1/2-1/2"]
[WhiteFideId "8930592"]
[BlackFideId "8925180"]
[WhiteElo "1840"]
[BlackElo "1930"]

1. c4 {[%clk 00:55:19]} Nf6 {[%clk 00:54:50]} {[%emt 00:00:30]} 2. Nc3 {[%clk
00:55:25]} {[%emt 00:00:05]} b6 {[%clk 00:54:44]} {[%emt 00:00:16]} 3. d3
{[%clk 00:55:16]} {[%emt 00:00:19]} Bb7 {[%clk 00:54:32]} {[%emt 00:00:21]} 4.
e4 {[%clk 00:55:03]} {[%emt 00:00:21]} d6 {[%clk 00:54:33]} {[%emt 00:00:12]} 5.
g3 {[%clk 00:55:06]} {[%emt 00:00:06]} g6 {[%clk 00:54:15]} {[%emt 00:00:27]} 6.
Bg2 {[%clk 00:55:11]} {[%emt 00:00:05]} c5 {[%clk 00:53:43]} {[%emt 00:00:42]}
7. Nge2 {[%clk 00:55:11]} {[%emt 00:00:10]} Bg7 {[%clk 00:53:40]} {[%emt
00:00:12]} 8. O-O {[%clk 00:55:13]} {[%emt 00:00:09]} O-O {[%clk 00:53:41]}
{[%emt 00:00:10]} 9. f4 {[%clk 00:55:17]} {[%emt 00:00:06]} Nbd7 {[%clk
00:52:54]} {[%emt 00:00:57]} 10. Re1 {[%clk 00:55:22]} {[%emt 00:00:06]} e5
{[%clk 00:51:31]} {[%emt 00:01:32]} 11. Bd2 {[%clk 00:55:06]} {[%emt 00:00:26]}
Qe7 {[%clk 00:50:51]} {[%emt 00:00:50]} 12. Rf1 {[%clk 00:54:43]} {[%emt
00:00:33]} a6 {[%clk 00:47:41]} {[%emt 00:03:21]} 13. h3 {[%clk 00:54:19]}
{[%emt 00:00:34]} Ne8 {[%clk 00:44:12]} {[%emt 00:03:38]} 14. f5 {[%clk
00:54:05]} {[%emt 00:00:24]} Nc7 {[%clk 00:43:55]} {[%emt 00:00:28]} 15. a4
{[%clk 00:53:50]} {[%emt 00:00:24]} Bc6 {[%clk 00:43:52]} {[%emt 00:00:13]} 16.
g4 {[%clk 00:53:18]} {[%emt 00:00:41]} g5 {[%clk 00:40:31]} {[%emt 00:03:32]}
17. Ng3 {[%clk 00:52:40]} {[%emt 00:00:43]} f6 {[%clk 00:40:04]} {[%emt
00:00:42]} 18. Kh2 {[%clk 00:51:06]} {[%emt 00:01:43]} Qf7 {[%clk 00:39:13]}
{[%emt 00:01:03]} 19. b3 {[%clk 00:50:26]} {[%emt 00:00:46]} b5 {[%clk
00:39:17]} {[%emt 00:00:10]} 20. Qc2 {[%clk 00:50:18]} {[%emt 00:00:07]} bxc4
{[%clk 00:37:13]} {[%emt 00:02:25]} 21. bxc4 {[%clk 00:50:12]} {[%emt
00:00:16]} Nb8 {[%clk 00:36:15]} {[%emt 00:01:08]} 22. a5 {[%clk 00:49:51]}
{[%emt 00:00:31]} Rc8 {[%clk 00:33:49]} {[%emt 00:02:36]} 23. Rfb1 {[%clk
00:49:33]} {[%emt 00:00:20]} Bd7 {[%clk 00:33:13]} {[%emt 00:00:53]} 24. Be3
{[%clk 00:48:44]} {[%emt 00:00:57]} Nc6 {[%clk 00:33:09]} {[%emt 00:00:16]} 25.
Na4 {[%clk 00:48:44]} {[%emt 00:00:10]} Nd4 {[%clk 00:32:16]} {[%emt 00:01:03]}
26. Bxd4 {[%clk 00:48:25]} {[%emt 00:00:29]} Bxa4 {[%clk 00:32:21]} {[%emt
00:00:06]} 27. Qxa4 {[%clk 00:48:30]} {[%emt 00:00:05]} cxd4 {[%clk 00:30:40]}
{[%emt 00:01:50]} 28. Rb6 {[%clk 00:48:31]} {[%emt 00:00:08]} Bf8 {[%clk
00:30:12]} {[%emt 00:00:39]} 29. Rab1 {[%clk 00:48:25]} {[%emt 00:00:13]} Ne8
{[%clk 00:27:19]} {[%emt 00:03:06]} 30. Rb7 {[%clk 00:48:13]} {[%emt 00:00:22]}
Rc7 {[%clk 00:26:38]} {[%emt 00:00:52]} 31. Qb3 {[%clk 00:46:49]} {[%emt
00:01:25]} 1/2-1/2

[Event "ABC-4 2025 Groep A"]
[Site "Utrecht"]
[Date "2025.03.15"]
[Round "3.8"]
[White "Elferink, Leon"]
[Black "Nalivaieva, Alisa"]
[Result "1-0"]
[WhiteFideId "8708084"]
[BlackFideId "9073482"]
[WhiteElo "1926"]
[BlackElo "1797"]

1. e4 {[%clk 00:55:18]} {[%emt 00:00:02]} c6 {[%clk 00:55:18]} {[%emt
00:00:02]} 2. d4 {[%clk 00:55:22]} {[%emt 00:00:06]} d5 {[%clk 00:55:25]}
{[%emt 00:00:03]} 3. Nd2 {[%clk 00:55:28]} {[%emt 00:00:04]} dxe4 {[%clk
00:55:25]} {[%emt 00:00:10]} 4. Nxe4 {[%clk 00:55:32]} {[%emt 00:00:06]} Bf5
{[%clk 00:55:30]} {[%emt 00:00:04]} 5. Ng3 {[%clk 00:55:31]} {[%emt 00:00:12]}
Bg6 {[%clk 00:55:35]} {[%emt 00:00:05]} 6. Nf3 {[%clk 00:53:41]} {[%emt
00:02:00]} h6 {[%clk 00:54:48]} {[%emt 00:00:57]} 7. Bc4 {[%clk 00:52:30]}
{[%emt 00:01:22]} e6 {[%clk 00:54:28]} {[%emt 00:00:30]} 8. Bf4 {[%clk
00:49:12]} {[%emt 00:03:27]} Nf6 {[%clk 00:53:38]} {[%emt 00:01:00]} 9. O-O
{[%clk 00:46:40]} {[%emt 00:02:43]} Bd6 {[%clk 00:53:13]} {[%emt 00:00:35]} 10.
Ne5 {[%clk 00:44:54]} {[%emt 00:01:55]} Bxe5 {[%clk 00:52:24]} {[%emt
00:00:59]} 11. Bxe5 {[%clk 00:44:47]} {[%emt 00:00:17]} Nbd7 {[%clk 00:52:19]}
{[%emt 00:00:15]} 12. Bf4 {[%clk 00:43:40]} {[%emt 00:01:17]} O-O {[%clk
00:51:51]} {[%emt 00:00:37]} 13. a4 {[%clk 00:39:59]} {[%emt 00:03:52]} Nd5
{[%clk 00:50:40]} {[%emt 00:01:21]} 14. Bd2 {[%clk 00:39:26]} {[%emt 00:00:43]}
Qb6 {[%clk 00:50:06]} {[%emt 00:00:44]} 15. Bc3 {[%clk 00:37:56]} {[%emt
00:01:40]} Nxc3 {[%clk 00:49:44]} {[%emt 00:00:32]} 16. bxc3 {[%clk 00:38:02]}
{[%emt 00:00:04]} Qa5 {[%clk 00:49:21]} {[%emt 00:00:34]} 17. Qd2 {[%clk
00:36:30]} {[%emt 00:01:41]} Nb6 {[%clk 00:48:40]} {[%emt 00:00:51]} 18. Bb3
{[%clk 00:34:43]} {[%emt 00:01:58]} Nd5 {[%clk 00:47:41]} {[%emt 00:01:09]} 19.
Ne2 {[%clk 00:34:46]} {[%emt 00:00:07]} Rac8 {[%clk 00:47:02]} {[%emt
00:00:49]} 20. Rfd1 {[%clk 00:32:17]} {[%emt 00:02:39]} Rfe8 {[%clk 00:40:59]}
{[%emt 00:06:13]} 21. c4 {[%clk 00:31:08]} {[%emt 00:01:19]} Qxd2 {[%clk
00:40:33]} {[%emt 00:00:36]} 22. Rxd2 {[%clk 00:31:13]} {[%emt 00:00:05]} Nf6
{[%clk 00:39:26]} {[%emt 00:01:17]} 23. Ng3 {[%clk 00:29:18]} {[%emt 00:02:05]}
c5 {[%clk 00:35:08]} {[%emt 00:04:28]} 24. c3 {[%clk 00:28:55]} {[%emt
00:00:33]} Ne4 {[%clk 00:31:45]} {[%emt 00:03:33]} 25. Nxe4 {[%clk 00:28:35]}
{[%emt 00:00:30]} Bxe4 {[%clk 00:31:52]} {[%emt 00:00:03]} 26. f3 {[%clk
00:27:27]} {[%emt 00:01:18]} Bf5 {[%clk 00:31:24]} {[%emt 00:00:38]} 27. Rad1
{[%clk 00:26:13]} {[%emt 00:01:24]} Re7 {[%clk 00:29:23]} {[%emt 00:02:12]} 28.
g4 {[%clk 00:24:32]} {[%emt 00:01:50]} Bg6 {[%clk 00:29:14]} {[%emt 00:00:19]}
29. Kf2 {[%clk 00:22:51]} {[%emt 00:01:51]} b6 {[%clk 00:26:31]} {[%emt
00:02:53]} 30. d5 {[%clk 00:17:30]} {[%emt 00:05:31]} e5 {[%clk 00:22:27]}
{[%emt 00:04:14]} 31. a5 {[%clk 00:16:33]} {[%emt 00:01:07]} Rd7 {[%clk
00:19:38]} {[%emt 00:03:00]} 32. Ba4 {[%clk 00:15:47]} {[%emt 00:00:56]} Rd6
{[%clk 00:19:37]} {[%emt 00:00:10]} 33. Re1 {[%clk 00:13:43]} {[%emt 00:02:14]}
f6 {[%clk 00:19:37]} {[%emt 00:00:10]} 34. a6 {[%clk 00:11:03]} {[%emt
00:02:50]} Kf8 {[%clk 00:19:11]} {[%emt 00:00:36]} 35. f4 {[%clk 00:10:52]}
{[%emt 00:00:22]} exf4 {[%clk 00:17:22]} {[%emt 00:01:58]} 36. Re6 {[%clk
00:09:00]} {[%emt 00:02:02]} Rxe6 {[%clk 00:16:29]} {[%emt 00:01:03]} 37. dxe6
{[%clk 00:09:06]} {[%emt 00:00:05]} Be8 {[%clk 00:13:00]} {[%emt 00:03:37]} 38.
Bxe8 {[%clk 00:08:45]} {[%emt 00:00:32]} Rxe8 {[%clk 00:13:04]} {[%emt
00:00:06]} 39. Rd7 {[%clk 00:08:52]} {[%emt 00:00:03]} Re7 {[%clk 00:12:56]}
{[%emt 00:00:18]} 40. Rb7 {[%clk 00:08:32]} {[%emt 00:00:31]} g5 {[%clk
00:11:27]} {[%emt 00:01:38]} 41. h3 {[%clk 00:08:36]} {[%emt 00:00:06]} Rxe6
{[%clk 00:07:44]} {[%emt 00:03:52]} 42. Rxa7 {[%clk 00:08:40]} {[%emt
00:00:06]} Re8 {[%clk 00:06:59]} {[%emt 00:00:56]} 43. Rb7 {[%clk 00:08:31]}
{[%emt 00:00:19]} Ra8 {[%clk 00:06:27]} {[%emt 00:00:41]} 44. a7 {[%clk
00:08:36]} {[%emt 00:00:06]} 1-0

[Event "ABC-4 2025 Groep A"]
[Site "Utrecht"]
[Date "2025.03.15"]
[Round "3.9"]
[White "Hage, Ruben"]
[Black "Van Diggele, Merijn"]
[Result "1-0"]
[WhiteFideId "8606444"]
[BlackFideId "8707908"]
[WhiteElo "1779"]
[BlackElo "1673"]

1. e4 {[%clk 00:55:19]} {[%emt 00:00:01]} g6 {[%clk 00:55:17]} {[%emt
00:00:04]} 2. d4 {[%clk 00:55:26]} {[%emt 00:00:03]} d6 {[%clk 00:55:23]}
{[%emt 00:00:03]} 3. Bc4 {[%clk 00:55:31]} {[%emt 00:00:05]} a6 {[%clk
00:54:56]} {[%emt 00:00:37]} 4. Nf3 {[%clk 00:55:21]} {[%emt 00:00:20]} b5
{[%clk 00:54:14]} {[%emt 00:00:52]} 5. Bb3 {[%clk 00:55:08]} {[%emt 00:00:22]}
Bb7 {[%clk 00:53:42]} {[%emt 00:00:43]} 6. Qe2 {[%clk 00:53:35]} {[%emt
00:01:43]} Bg7 {[%clk 00:53:37]} {[%emt 00:00:16]} 7. c3 {[%clk 00:53:07]}
{[%emt 00:00:38]} Nd7 {[%clk 00:52:48]} {[%emt 00:00:58]} 8. Ng5 {[%clk
00:50:29]} {[%emt 00:02:48]} Nh6 {[%clk 00:51:20]} {[%emt 00:01:39]} 9. Bxf7+
{[%clk 00:49:14]} {[%emt 00:01:25]} Nxf7 {[%clk 00:51:11]} {[%emt 00:00:18]} 10.
Ne6 {[%clk 00:49:20]} {[%emt 00:00:04]} Qc8 {[%clk 00:49:57]} {[%emt 00:01:24]}
11. Nxg7+ {[%clk 00:49:24]} {[%emt 00:00:06]} Kf8 {[%clk 00:49:59]} {[%emt
00:00:08]} 12. Ne6+ {[%clk 00:49:30]} {[%emt 00:00:04]} Kg8 {[%clk 00:49:31]}
{[%emt 00:00:38]} 13. O-O {[%clk 00:49:22]} {[%emt 00:00:18]} Nf6 {[%clk
00:49:36]} {[%emt 00:00:05]} 14. d5 {[%clk 00:48:34]} {[%emt 00:00:58]} c6
{[%clk 00:48:18]} {[%emt 00:01:28]} 15. Nf4 {[%clk 00:42:37]} {[%emt 00:06:07]}
cxd5 {[%clk 00:46:01]} {[%emt 00:02:28]} 16. exd5 {[%clk 00:42:41]} {[%emt
00:00:06]} Ne5 {[%clk 00:45:37]} {[%emt 00:00:34]} 17. Nd2 {[%clk 00:41:06]}
{[%emt 00:01:44]} Nxd5 {[%clk 00:43:48]} {[%emt 00:01:59]} 18. Nxd5 {[%clk
00:40:52]} {[%emt 00:00:24]} Bxd5 {[%clk 00:43:51]} {[%emt 00:00:07]} 19. f4
{[%clk 00:40:19]} {[%emt 00:00:43]} Ng4 {[%clk 00:42:44]} {[%emt 00:01:18]} 20.
h3 {[%clk 00:35:41]} {[%emt 00:04:47]} Qc5+ {[%clk 00:41:40]} {[%emt 00:01:14]}
21. Kh1 {[%clk 00:35:37]} {[%emt 00:00:13]} h5 {[%clk 00:41:22]} {[%emt
00:00:28]} 22. Ne4 {[%clk 00:34:56]} {[%emt 00:00:52]} Qc6 {[%clk 00:39:55]}
{[%emt 00:01:37]} 23. Ng5 {[%clk 00:32:09]} {[%emt 00:02:57]} Bc4 {[%emt
00:07:48]} 24. Qc2 {[%clk 00:31:20]} Kg7 {[%clk 00:32:02]} {[%emt 00:01:24]} 25.
Re1 {[%clk 00:30:57]} {[%emt 00:00:33]} Rae8 {[%clk 00:30:39]} {[%emt
00:01:32]} 26. b3 {[%clk 00:30:20]} {[%emt 00:00:48]} Bd3 {[%clk 00:29:20]}
{[%emt 00:01:29]} 27. Qd2 {[%clk 00:29:28]} {[%emt 00:01:01]} Qb6 {[%clk
00:26:54]} {[%emt 00:02:36]} 28. Bb2 {[%clk 00:27:12]} {[%emt 00:02:27]} Nf2+
{[%clk 00:22:39]} {[%emt 00:04:26]} 29. Kh2 {[%clk 00:27:00]} {[%emt 00:00:22]}
Rhf8 {[%clk 00:21:23]} {[%emt 00:01:25]} 30. Ne6+ {[%clk 00:25:38]} {[%emt
00:01:32]} Kh7 {[%clk 00:21:03]} {[%emt 00:00:31]} 31. Nxf8+ {[%clk 00:25:39]}
{[%emt 00:00:09]} Rxf8 {[%clk 00:21:05]} {[%emt 00:00:08]} 32. Rxe7+ {[%clk
00:24:58]} {[%emt 00:00:51]} Kg8 {[%clk 00:20:41]} {[%emt 00:00:34]} 33. c4
{[%clk 00:24:25]} {[%emt 00:00:43]} Rf7 {[%clk 00:19:32]} {[%emt 00:01:18]} 34.
Rxf7 {[%clk 00:24:01]} {[%emt 00:00:34]} Kxf7 {[%clk 00:19:37]} {[%emt
00:00:06]} 35. cxb5 {[%clk 00:23:23]} {[%emt 00:00:47]} axb5 {[%clk 00:18:47]}
{[%emt 00:01:00]} 36. Re1 {[%clk 00:23:09]} {[%emt 00:00:24]} Qc5 {[%clk
00:17:05]} {[%emt 00:01:52]} 37. Re3 {[%clk 00:22:40]} {[%emt 00:00:39]} 1-0

[Event "ABC-4 2025 Groep A"]
[Site "Utrecht"]
[Date "2025.03.15"]
[Round "3.10"]
[White "Mastop, Guido"]
[Black "Vrees, Jens"]
[Result "1-0"]
[WhiteFideId "8879915"]
[BlackFideId "9030494"]
[WhiteElo "1778"]
[BlackElo "1573"]

1. f4 {[%clk 00:55:18]} {[%emt 00:00:02]} d5 {[%clk 00:55:04]} {[%emt
00:00:16]} 2. Nf3 {[%clk 00:55:22]} {[%emt 00:00:06]} Nf6 {[%clk 00:55:04]}
{[%emt 00:00:11]} 3. b3 {[%clk 00:55:26]} {[%emt 00:00:05]} Bf5 {[%clk
00:54:47]} {[%emt 00:00:26]} 4. Bb2 {[%clk 00:55:07]} {[%emt 00:00:30]} e6
{[%clk 00:54:44]} {[%emt 00:00:13]} 5. e3 {[%clk 00:54:44]} {[%emt 00:00:33]}
Bd6 {[%clk 00:54:01]} {[%emt 00:00:52]} 6. h3 {[%clk 00:54:00]} {[%emt
00:00:54]} Qe7 {[%clk 00:53:52]} {[%emt 00:00:20]} 7. g4 {[%clk 00:53:45]}
{[%emt 00:00:25]} Bg6 {[%clk 00:51:33]} {[%emt 00:02:29]} 8. g5 {[%clk
00:51:55]} {[%emt 00:02:00]} Ne4 {[%clk 00:50:27]} {[%emt 00:01:15]} 9. Bxg7
{[%clk 00:51:41]} {[%emt 00:00:24]} Rg8 {[%clk 00:50:31]} {[%emt 00:00:06]} 10.
Bb2 {[%clk 00:51:26]} {[%emt 00:00:26]} Nd7 {[%clk 00:49:53]} {[%emt 00:00:48]}
11. d3 {[%clk 00:49:35]} {[%emt 00:02:01]} Ng3 {[%clk 00:49:19]} {[%emt
00:00:44]} 12. Rg1 {[%clk 00:49:30]} {[%emt 00:00:15]} Nxf1 {[%clk 00:49:06]}
{[%emt 00:00:22]} 13. Rxf1 {[%clk 00:49:30]} {[%emt 00:00:10]} O-O-O {[%clk
00:48:18]} {[%emt 00:00:58]} 14. Nh4 {[%clk 00:49:02]} {[%emt 00:00:38]} h6
{[%clk 00:45:01]} {[%emt 00:03:26]} 15. Nxg6 {[%clk 00:46:32]} {[%emt
00:02:40]} fxg6 {[%clk 00:44:41]} {[%emt 00:00:31]} 16. gxh6 {[%clk 00:46:05]}
{[%emt 00:00:37]} Qh4+ {[%clk 00:44:21]} {[%emt 00:00:30]} 17. Kd2 {[%clk
00:45:58]} {[%emt 00:00:18]} Qxh6 {[%clk 00:44:18]} {[%emt 00:00:13]} 18. Qg4
{[%clk 00:45:36]} {[%emt 00:00:31]} g5 {[%clk 00:40:52]} {[%emt 00:03:35]} 19.
f5 {[%clk 00:45:23]} {[%emt 00:00:25]} exf5 {[%clk 00:39:51]} {[%emt 00:01:11]}
20. Rxf5 {[%clk 00:45:16]} {[%emt 00:00:16]} Rdf8 {[%clk 00:37:49]} {[%emt
00:02:09]} 21. Nc3 {[%clk 00:43:53]} {[%emt 00:01:37]} c6 {[%clk 00:37:08]}
{[%emt 00:00:50]} 22. Raf1 {[%clk 00:43:40]} {[%emt 00:00:23]} Rxf5 {[%clk
00:31:58]} {[%emt 00:05:20]} 23. Rxf5 {[%clk 00:43:22]} {[%emt 00:00:28]} Kc7
{[%clk 00:31:26]} {[%emt 00:00:42]} 24. Rf7 {[%clk 00:42:10]} {[%emt 00:01:23]}
Rd8 {[%clk 00:30:30]} {[%emt 00:01:05]} 25. Ne2 {[%clk 00:41:25]} {[%emt
00:00:55]} Qg6 {[%clk 00:29:31]} {[%emt 00:01:08]} 26. Rg7 {[%clk 00:40:32]}
{[%emt 00:01:05]} Qh6 {[%clk 00:27:49]} {[%emt 00:01:52]} 27. Rxg5 {[%clk
00:40:03]} {[%emt 00:00:39]} Re8 {[%clk 00:25:46]} {[%emt 00:02:12]} 28. Bg7
{[%clk 00:38:27]} {[%emt 00:01:46]} Qh7 {[%clk 00:23:14]} {[%emt 00:02:39]} 29.
Ng3 {[%clk 00:36:59]} {[%emt 00:01:41]} Bxg3 {[%clk 00:19:16]} {[%emt
00:04:09]} 30. Qxg3+ {[%clk 00:36:59]} {[%emt 00:00:09]} Kc8 {[%clk 00:18:50]}
{[%emt 00:00:35]} 31. h4 {[%clk 00:35:55]} {[%emt 00:01:16]} Qg8 {[%clk
00:15:42]} {[%emt 00:03:18]} 32. h5 {[%clk 00:34:26]} {[%emt 00:01:38]} Nf8
{[%clk 00:13:57]} {[%emt 00:01:55]} 33. Qg4+ {[%clk 00:33:18]} {[%emt
00:01:18]} Ne6 {[%clk 00:13:33]} {[%emt 00:00:33]} 34. h6 {[%clk 00:33:12]}
{[%emt 00:00:18]} Qh7 {[%clk 00:11:56]} {[%emt 00:01:45]} 35. Qf5 {[%clk
00:30:43]} {[%emt 00:02:41]} Qxf5 {[%clk 00:09:07]} {[%emt 00:02:58]} 36. Rxf5
{[%clk 00:30:47]} {[%emt 00:00:07]} Kd7 {[%clk 00:08:26]} {[%emt 00:00:50]} 37.
Rf7+ {[%clk 00:30:43]} {[%emt 00:00:15]} Kd6 {[%clk 00:07:56]} {[%emt
00:00:40]} 38. d4 {[%clk 00:29:44]} {[%emt 00:01:09]} Nxg7 {[%clk 00:07:27]}
{[%emt 00:00:39]} 39. hxg7 {[%clk 00:29:40]} {[%emt 00:00:13]} Rg8 {[%clk
00:07:15]} {[%emt 00:00:21]} 40. Rxb7 {[%clk 00:29:45]} {[%emt 00:00:06]} a5
{[%clk 00:06:49]} {[%emt 00:00:35]} 41. Kd3 {[%clk 00:29:33]} {[%emt 00:00:22]}
c5 {[%clk 00:06:10]} {[%emt 00:00:49]} 42. Rb6+ {[%clk 00:28:59]} {[%emt
00:00:45]} Kc7 {[%clk 00:05:48]} {[%emt 00:00:32]} 43. dxc5 {[%clk 00:29:01]}
{[%emt 00:00:08]} Rxg7 {[%clk 00:05:48]} {[%emt 00:00:09]} 44. Ra6 {[%clk
00:29:06]} {[%emt 00:00:06]} Rg4 {[%clk 00:05:34]} {[%emt 00:00:22]} 45. Rxa5
{[%clk 00:29:03]} {[%emt 00:00:14]} Kc6 {[%clk 00:05:40]} {[%emt 00:00:05]} 46.
a3 {[%clk 00:28:55]} {[%emt 00:00:18]} Rh4 {[%clk 00:05:39]} {[%emt 00:00:12]}
47. b4 {[%clk 00:28:54]} {[%emt 00:00:10]} Rg4 {[%clk 00:05:39]} {[%emt
00:00:10]} 48. Ra6+ {[%clk 00:28:58]} {[%emt 00:00:06]} Kb5 {[%clk 00:05:38]}
{[%emt 00:00:11]} 49. Rd6 {[%clk 00:28:54]} {[%emt 00:00:15]} Ka4 {[%clk
00:05:38]} {[%emt 00:00:09]} 50. Rxd5 {[%clk 00:28:54]} {[%emt 00:00:10]} Kxa3
{[%clk 00:05:47]} {[%emt 00:00:02]} 51. c6 {[%clk 00:28:53]} {[%emt 00:00:10]}
Rg8 {[%clk 00:05:37]} {[%emt 00:00:21]} 52. b5 {[%clk 00:28:55]} {[%emt
00:00:09]} Kb4 {[%clk 00:05:41]} {[%emt 00:00:04]} 53. b6 {[%clk 00:28:47]}
{[%emt 00:00:20]} Rb8 {[%clk 00:04:45]} {[%emt 00:01:06]} 54. c7 {[%clk
00:28:49]} {[%emt 00:00:07]} Rxb6 {[%clk 00:04:46]} {[%emt 00:00:09]} 55. c8=Q
{[%clk 00:28:52]} {[%emt 00:00:07]} Rc6 {[%clk 00:04:52]} {[%emt 00:00:03]} 56.
Qb7+ {[%clk 00:28:45]} {[%emt 00:00:18]} Ka3 {[%clk 00:04:36]} {[%emt
00:00:27]} 57. Qb3# {[%clk 00:27:39]} {[%emt 00:00:11]} 1-0